| 000 | 01875nam a22003371i 4500 | ||
|---|---|---|---|
| 001 | 157184 | ||
| 003 | ES-MaACL | ||
| 005 | 20250928104140.0 | ||
| 008 | 931025s1645 sp a |||| | spa d | ||
| 040 |
_aAN _bspa _cCCPB |
||
| 080 | _a737.1(460) | ||
| 100 | 1 |
_aLastanosa, Vicente Juan de. _970488 _eaut |
|
| 245 | 1 | 0 |
_aMuseo de las medallas desconocidas españolas / _cpublicalo don Vicencio Iuan de Lastanosa... ; ilustrado con tres Discursos del Padre Paulo de Rojas de la Compañia de Iesus, del Doctor don Francisco Ximenez de Vrrea ... , i del doctor Iuan Francisco Andres de Vztarroz. |
| 260 |
_aImpresso en Huesca : _bpor Iuan Nogues, _c1645. |
||
| 300 |
_a[28], 1-20 p., 21-52 h., p. 53-221, 222-224 h., [14] p. : _bil. ; _c4º. |
||
| 530 | _aDisponible en formato digital | ||
| 597 | _aSign.: [ ]5, [calderón]-2[calderón]4, A4, B7, C-Y4, Z5, [calderón]7. | ||
| 597 | _aAntep. | ||
| 599 | _aFront. calc.: "Laurenti Aguesca Oscae F." | ||
| 599 | _aLas il. corresponden a h. grabados calc.: "Jan P san fe", numeradas de 21 a 52 y de 222 a 224, no incluidas en signaturas, y según consta en p. 116, realizadas por Lorenzo Aguesca. | ||
| 650 | 0 | 4 |
_aMedallas- _zEspaña. _9141425 |
| 700 | 1 |
_aNogués, Juan. _985888 _eclb |
|
| 700 | 1 |
_aRajas, Pablo Albinano de. _995043 _eclb |
|
| 700 | 1 |
_aJiménez de Urrea, Francisco. _966512 _eclb |
|
| 700 | 1 |
_aAndrés de Uztárroz, Juan Francisco, _d1606-1653 _eclb _921601 |
|
| 852 |
_aES-MaACL _jR-3427 _dG-2867 _9165984 _zCotejado con la relación de obras recuperadas expediente robo. _zCambio de signatura. Datos tomados del fichero topográfico R _xEncuadernación en pergamino |
||
| 856 |
_uhttps://bivaldi.gva.es/es/consulta/registro.do?id=2839 _yVersión en línea _z(Biblioteca Valenciana Digital: BIVALDI) |
||
| 942 |
_2udc _cMONANT _n0 |
||
| 999 |
_c157184 _d157184 |
||